| 000 | 00522 a2200181 4500 | ||
|---|---|---|---|
| 001 | 135123 | ||
| 020 | _a85-7379-860-2 | ||
| 040 | _cLeonardo Da Vinci | ||
| 041 | _aPortuguês | ||
| 082 |
_a362.11 G979h _bG979h |
||
| 100 | _aGUIMARÃES, Nísia do Val Rodrigues Roxo | ||
| 245 |
_aHotelaria hospitalar _buma visão interdisciplinar |
||
| 260 |
_bAtheneu _c2007 _aSão Paulo |
||
| 300 | _a148 | ||
| 362 | _a20070000 | ||
| 697 |
_aAdministração _aHospital _aHospitais _aServiços _aSaúde _aHotelaria _aFIPEN |
||
| 942 | _cBK | ||
| 999 |
_c135123 _d135123 |
||